Dakanī rubāʻiyān̲. (Record no. 77904)

MARC details
000 -LEADER
fixed length control field 00726cam a22002771 4500
001 - CONTROL NUMBER
control field sa 68001378
003 - CONTROL NUMBER IDENTIFIER
control field DLC
005 - DATE AND TIME OF LATEST TRANSACTION
control field 20260227112432.0
008 - FIXED-LENGTH DATA ELEMENTS--GENERAL INFORMATION
fixed length control field 891228s1966 ii b 000 0 urdr
010 ## - LIBRARY OF CONGRESS CONTROL NUMBER
LC control number sa 68001378
035 ## - SYSTEM CONTROL NUMBER
System control number (OCoLC)20833219
040 ## - CATALOGING SOURCE
Original cataloging agency DLC
Transcribing agency WaU
Modifying agency DLC
041 0# - LANGUAGE CODE
Language code of text/sound track or separate title urdper
042 ## - AUTHENTICATION CODE
Authentication code premarc
043 ## - GEOGRAPHIC AREA CODE
Geographic area code a-ii---
-- a-ir---
050 00 - LIBRARY OF CONGRESS CALL NUMBER
Classification number PK2170
Item number .S95
100 0# - MAIN ENTRY--PERSONAL NAME
Personal name Sayyidah Jaʻfar,
Dates associated with a name 1934-
245 10 - TITLE STATEMENT
Title Dakanī rubāʻiyān̲.
260 ## - PUBLICATION, DISTRIBUTION, ETC.
Date of publication, distribution, etc. [1966]
300 ## - PHYSICAL DESCRIPTION
Extent 6, 221 p.
Dimensions 22 cm.
500 ## - GENERAL NOTE
General note Persian and Urdu.
504 ## - BIBLIOGRAPHY, ETC. NOTE
Bibliography, etc. note Bibliographical footnotes.
650 #0 - SUBJECT ADDED ENTRY--TOPICAL TERM
Topical term or geographic name entry element Urdu poetry
General subdivision History and criticism.
650 #0 - SUBJECT ADDED ENTRY--TOPICAL TERM
Topical term or geographic name entry element Persian poetry
General subdivision History and criticism.
650 #0 - SUBJECT ADDED ENTRY--TOPICAL TERM
Topical term or geographic name entry element Quatrain.

No items available.

Powered by Koha